'The Handmaid's Tale' social castes by colour - Statistics

General Stats
  • This quiz has been taken 351 times
  • The average score is 5 of 8
Answer Stats
Colour Caste % Correct
Red Handmaids
99%
Blue Wives
93%
Black Commanders of the Faithful
89%
Green Marthas
84%
Brown Aunts
73%
Blue Econowives
40%
Green Guardians of the Faithful
33%
White Daughters
16%
No matching quizzes found
Score Distribution
Percent of People with Each Score
Percentile by Number Answered
Your Score History
You have not taken this quiz